Nákupné správanie v segmente nízkopríjmových obyvateľov Slovenska

Charakteristika nízkopríjmového obyvateľstva a chudoby. Vyhodnotenie prieskumu. Priemerný mesačný disponibilný dôchodok. Porovnanie súčasnej finančnej situácie s minulou. Subjektívne začlenenie v spoločnosti. Očakávania do budúcnosti. Špecifiká nákupného správania obyvateľov s nízkym príjmom.

Enregistré dans:
Détails bibliographiques
Auteur principal: Súkeníková, Katarína
Format: Chapitre de livre
Langue:slovaque
Sujets:
Tags: Ajouter un tag
Pas de tags, Soyez le premier à ajouter un tag!

MARC

LEADER 00000nla a2200000 4500
001 0242549
005 20240502073937.6
041 0 |a slo 
044 |a SK 
245 1 0 |a Nákupné správanie v segmente nízkopríjmových obyvateľov Slovenska  |c Katarína Súkeníková 
520 |a Charakteristika nízkopríjmového obyvateľstva a chudoby. Vyhodnotenie prieskumu. Priemerný mesačný disponibilný dôchodok. Porovnanie súčasnej finančnej situácie s minulou. Subjektívne začlenenie v spoločnosti. Očakávania do budúcnosti. Špecifiká nákupného správania obyvateľov s nízkym príjmom. 
610 2 0 |a chudoba 
610 2 0 |a chudobní 
610 2 0 |a príjmy 
610 2 0 |a správanie spotrebiteľa 
610 2 0 |a študenti 
610 2 0 |a dôchodcovia 
610 2 0 |a nezamestnaní 
610 2 0 |a prieskum 
610 2 0 |a Slovensko 
100 1 |a Súkeníková, Katarína